000 00541nam a22002057a 4500
999 _c1640
_d1640
003 OSt
005 20200214103953.0
008 150428b xxu||||| |||| 00| 0 eng d
020 _a0853241449
040 _c04
082 _aWS200 H73p 1980
100 _aHutchison, James H.
_94315
245 _aPractical Paediatric Problems
250 _a5th ed.
260 _aLondon:
_bLloyd-Luke;
_c1980.
300 _axxi, 682 p :
_bill;
_c25 cm
504 _aIncludes references and index
650 _aPaediatric Problems
_94316
942 _2z
_cSLOAN